000 00598nam a2200241Ia 4500
003 OSt
005 20221005120856.0
006 a|||||r|||| 00| 0
007 ta
008 221004b |||||||| |||| 00| 0 eng d
024 _a40661
037 _cTextual
040 _aCRL
_cCRL
_beng
041 _2eng
_aeng
082 _aO:9xN3, H6
100 _aRajan B Ed.
245 0 _aFocus two
260 _c1946
650 _aENGLISH LITERATURE
700 _a Pearse Andrew Ed.
_9629763
942 _hO:9xN3, H6
_cTEXL
_2cc
999 _c1039385
_d1039385